<?xml version="1.0" encoding="UTF-8"?>
<collection xmlns="http://www.loc.gov/MARC21/slim">
 <record>
  <leader>01277nam a22002777a 4500</leader>
  <controlfield tag="001">33061</controlfield>
  <controlfield tag="003">BD-DhAAL</controlfield>
  <controlfield tag="005">20180425142811.0</controlfield>
  <controlfield tag="008">180425t2017    bg a|||| |||| 00| 0 ben d</controlfield>
  <datafield tag="999" ind1=" " ind2=" ">
   <subfield code="c">39293</subfield>
   <subfield code="d">39293</subfield>
  </datafield>
  <datafield tag="020" ind1=" " ind2=" ">
   <subfield code="a">9789849294603</subfield>
  </datafield>
  <datafield tag="040" ind1=" " ind2=" ">
   <subfield code="a">BD-DhAAL</subfield>
  </datafield>
  <datafield tag="082" ind1=" " ind2=" ">
   <subfield code="a">331.095492</subfield>
   <subfield code="2">18</subfield>
  </datafield>
  <datafield tag="100" ind1=" " ind2=" ">
   <subfield code="a">শিখা, শাহিদা পারভীন </subfield>
   <subfield code="9">25702</subfield>
  </datafield>
  <datafield tag="245" ind1=" " ind2=" ">
   <subfield code="a">বাংলাদেশের শ্রমিকশ্রেণি প্রসঙ্গ /</subfield>
   <subfield code="c">শাহিদা পারভীন শিখা</subfield>
  </datafield>
  <datafield tag="246" ind1=" " ind2=" ">
   <subfield code="a">Bangladesher shramikshrenee prasanga</subfield>
  </datafield>
  <datafield tag="260" ind1=" " ind2=" ">
   <subfield code="a">ঢাকা :</subfield>
   <subfield code="b">বাংলা ধরিত্রী,</subfield>
   <subfield code="c">২০১৭</subfield>
  </datafield>
  <datafield tag="300" ind1=" " ind2=" ">
   <subfield code="a">৩৪৩ পৃষ্ঠা ;</subfield>
   <subfield code="c">২২ সে. মি.</subfield>
  </datafield>
  <datafield tag="500" ind1=" " ind2=" ">
   <subfield code="a">সংযুক্তি সংগঠন ও আন্দোলন নেতৃবৃন্দের চোখে </subfield>
  </datafield>
  <datafield tag="526" ind1=" " ind2=" ">
   <subfield code="a">BIGD</subfield>
  </datafield>
  <datafield tag="541" ind1=" " ind2=" ">
   <subfield code="a">Bangla Dharitree</subfield>
   <subfield code="e">33061</subfield>
  </datafield>
  <datafield tag="650" ind1=" " ind2=" ">
   <subfield code="a">Working class</subfield>
   <subfield code="z">Bangladesh</subfield>
   <subfield code="9">25704</subfield>
  </datafield>
  <datafield tag="650" ind1=" " ind2=" ">
   <subfield code="a">Labor</subfield>
   <subfield code="z">Bangladesh</subfield>
   <subfield code="9">25705</subfield>
  </datafield>
  <datafield tag="852" ind1=" " ind2=" ">
   <subfield code="a">BRAC Institute of Governance and Development</subfield>
   <subfield code="c">General Stacks</subfield>
  </datafield>
  <datafield tag="942" ind1=" " ind2=" ">
   <subfield code="2">ddc</subfield>
   <subfield code="c">BK</subfield>
  </datafield>
  <datafield tag="952" ind1=" " ind2=" ">
   <subfield code="0">0</subfield>
   <subfield code="1">0</subfield>
   <subfield code="2">ddc</subfield>
   <subfield code="4">0</subfield>
   <subfield code="6">331_095492000000000_SHI</subfield>
   <subfield code="7">0</subfield>
   <subfield code="9">63227</subfield>
   <subfield code="a">IGS</subfield>
   <subfield code="b">IGS</subfield>
   <subfield code="c">GEN</subfield>
   <subfield code="d">2018-04-25</subfield>
   <subfield code="e">Bangla Dharitree</subfield>
   <subfield code="g">700.00</subfield>
   <subfield code="l">0</subfield>
   <subfield code="o">331.095492 SHI</subfield>
   <subfield code="p">3010033061</subfield>
   <subfield code="r">2018-04-25</subfield>
   <subfield code="t">1</subfield>
   <subfield code="v">700.00</subfield>
   <subfield code="w">2018-04-25</subfield>
   <subfield code="y">BK</subfield>
  </datafield>
 </record>
</collection>
